Filipino Words Translation #2 - Statistics

General Stats
  • This quiz has been taken 77 times
  • The average score is 25 of 30
Answer Stats
Filipino Words Answer % Correct
Gabi Night/Taro
95%
Tinapay Bread
94%
Mata Eye
92%
Berde Green
92%
Susi Key
92%
Mabilis Fast
89%
Karne Meat
89%
Manok Chicken
88%
Madilim Dark/Darkness
88%
Gamot Medicine
86%
Asukal Sugar
86%
Mali Wrong
85%
Langgam Ant
82%
Kalma Calm
82%
Petsa Date
82%
Salita Word
82%
Maalat Salty
80%
Gunting Scissors
80%
Laro Game
78%
Reyna Queen
78%
Gulong Wheel/Tire
78%
Ulap Cloud
77%
Bading Gay/Homosexual
77%
Karayom Needle
77%
Lalim Deep
75%
Unawa Understand
74%
Ugat Root
72%
Bangungot Nightmare
71%
Himala Miracle
69%
Gutom Hunger
60%
No matching quizzes found
Score Distribution
Percent of People with Each Score
Percentile by Number Answered
Your Score History
You have not taken this quiz